000 00424nam a2200157 i 4500
001 149280
003 ES-MaACL
005 20230906203026.0
007 t|
008 071019s1970 sp ||||1| spa d
100 1 _aVelloso, José Miguel.
_9113857
245 1 0 _aElegías de Madrid /
_cJosé Miguel Velloso.
260 _aMadrid :
_bAguilar,
_c1970.
300 _a47 p. ;
_c20 cm.
852 _aES-MaACL
_j2078-F-2
_bR.76075
999 _c149280
_d149280